[Event "Twente Young Master op-C"]
[Site "Twente"]
[Date "2007.08.11"]
[Round "9"]
[White "Van der Ham, Marc"]
[Black "Offringa, Joost"]
[Result "0-1"]
[WhiteElo "1759"]
[BlackElo "2023"]
[PlyCount "44"]
[EventDate "2007.08.06"]
[EventType "swiss"]
[EventRounds "9"]
[EventCountry "NED"]
[SourceTitle "EXT 2008"]
[Source "ChessBase"]
[SourceDate "2007.11.25"]
[SourceVersion "1"]
[SourceVersionDate "2007.11.25"]
[SourceQuality "1"]

1. d4 Nf6 2. c4 e5 3. dxe5 Ng4 4. Nf3 Bc5 5. e3 Nc6 6. Be2 Ngxe5 7. Nxe5 Nxe5 8. b3 d6 9. Bb2 0-0 10. 0-0 Bf5 11. Nc3 a6 12. Na4 Ba7 13. Qd2 Qe7 14. Rfd1 Rad8 15. Nc3 Qh4 16. Nd5 Rd7 17. Qc3 Qh6 18. Rac1 Re8 19. Nf4 Ng4 20. h3 Nxf2 21. Re1 Ne4 22. Qd3 Qxf4 0-1

[Event "Twente Young Master op-C"]
[Site "Twente"]
[Date "2007.08.09"]
[Round "6"]
[White "Van der Ham, Marc"]
[Black "Vierkant, Alexander"]
[Result "1-0"]
[WhiteElo "1759"]
[BlackElo "1400"]
[PlyCount "53"]
[EventDate "2007.08.06"]
[EventType "swiss"]
[EventRounds "9"]
[EventCountry "NED"]
[SourceTitle "EXT 2008"]
[Source "ChessBase"]
[SourceDate "2007.11.25"]
[SourceVersion "1"]
[SourceVersionDate "2007.11.25"]
[SourceQuality "1"]

1. d4 d5 2. c4 dxc4 3. e4 e5 4. Bxc4 exd4 5. Nf3 Nc6 6. 0-0 Bg4 7. Qb3 Qd7 8. Ng5 Bh5 9. Bb5 h6 10. Nf3 Bxf3 11. Qxf3 a6 12. Ba4 Bc5 13. Bf4 Nge7 14. Qg3 0-0-0 15. Rc1 Bb6 16. b4 Qe6 17. Na3 g5 18. Bd2 Qxe4 19. b5 axb5 20. Bxb5 f5 21. Nc4 f4 22. Nxb6+ cxb6 23. Qa3 h5 24. Re1 Qh7 25. Rac1 Rdg8 26. Rxe7 Rg7 27. Qa8# 1-0

[Event "Twente Young Master op-C"]
[Site "Twente"]
[Date "2007.08.07"]
[Round "2"]
[White "Van der Ham, Marc"]
[Black "Van den Heede, Dorian"]
[Result "0-1"]
[WhiteElo "1759"]
[BlackElo "1560"]
[PlyCount "34"]
[EventDate "2007.08.06"]
[EventType "swiss"]
[EventRounds "9"]
[EventCountry "NED"]
[SourceTitle "EXT 2008"]
[Source "ChessBase"]
[SourceDate "2007.11.25"]
[SourceVersion "1"]
[SourceVersionDate "2007.11.25"]
[SourceQuality "1"]

1. d4 d5 2. c4 e6 3. Nc3 Nf6 4. Bg5 Be7 5. e3 h6 6. Bh4 0-0 7. Nf3 Nbd7 8. Bd3 b6 9. Qc2 Bb7 10. h3 c5 11. Nd2 dxc4 12. Nxc4 Qc7 13. f3 Rac8 14. 0-0-0 cxd4 15. exd4 Qf4+ 16. Kb1 Qxh4 17. Qb3 Nh5 0-1

[Event "Twente Young Master op-C"]
[Site "Twente"]
[Date "2007.08.06"]
[Round "1"]
[White "Knepper, Jorian"]
[Black "Van der Ham, Marc"]
[Result "0-1"]
[WhiteElo "1415"]
[BlackElo "1759"]
[PlyCount "41"]
[EventDate "2007.08.06"]
[EventType "swiss"]
[EventRounds "9"]
[EventCountry "NED"]
[SourceTitle "EXT 2008"]
[Source "ChessBase"]
[SourceDate "2007.11.25"]
[SourceVersion "1"]
[SourceVersionDate "2007.11.25"]
[SourceQuality "1"]

1. d4 Nf6 2. c4 e5 3. Nf3 exd4 4. Nxd4 Bc5 5. Nf3 Nc6 6. Bg5 Ne4 7. Be3 Bxe3 8. fxe3 0-0 9. Na3 Qf6 10. b3 Qc3+ 11. Nd2 Nxd2 12. Nb5 Qe5 13. Kxd2 a6 14. Nc3 Re8 15. Nd5 Ne7 16. Nc3 Nf5 17. e4 Qd4+ 18. Ke1 Qxc3+ 19. Kf2 Qe3+ 20. Ke1 Rxe4 21. Rc1 0-1

[Event "Hengelo U12 op"]
[Site "Hengelo"]
[Date "2005.08.08"]
[Round "1"]
[White "Van der Ham, Marc"]
[Black "Decoster, Sam"]
[Result "0-1"]
[WhiteElo "1233"]
[BlackElo "1663"]
[PlyCount "52"]
[EventDate "2005.08.??"]
[EventType "swiss"]
[EventRounds "13"]
[EventCountry "NED"]
[SourceTitle "CBM 107 Extra"]
[Source "ChessBase"]
[SourceDate "2005.09.01"]
[SourceVersion "1"]
[SourceVersionDate "2005.09.01"]
[SourceQuality "1"]

1. e4 c5 2. Nf3 Nc6 3. Nc3 e6 4. Bc4 a6 5. a3 d6 6. d4 cxd4 7. Nxd4 Nf6 8. Be3 Be7 9. Nf3 Ng4 10. Qe2 Nxe3 11. Qxe3 Bf6 12. Rd1 0-0 13. 0-0 Qc7 14. Rd2 Na5 15. Be2 b5 16. Rfd1 Be7 17. e5 d5 18. b4 Nc4 19. Bxc4 bxc4 20. Qd4 a5 21. Rb1 axb4 22. axb4 Rb8 23. b5 Bc5 24. Qf4 Qa5 25. Ne2 Rxb5 26. Rxb5 Qa1+ 0-1